000 00543nam a2200169 i 4500
001 24946
003 ES-MaACL
005 20230906153151.0
007 t|
008 021219s1925 sp ||||1| spa d
100 1 _aAngulo Iñiguez, Diego.
_921788
245 1 3 _aEl "maestro de virgo niter virgines"
_b: la talla del primer Conde de Alba /
_cpor Diego Angulo Iñiguez.
260 _a[s.l. :
_bs.n.],
_c1925.
300 _a7 p. :
_bil. ;
_c28 x 20 cm.
500 _aDel Archivo Español de Arte y Arqueología.
852 _aES-MaACL
_j1692-F-11
999 _c24946
_d24946